[Event "Battle of Alberta"]
[Site "Red Deer CAN"]
[Date "2010.08.21"]
[Round "2.1"]
[White "Hansen, Eric"]
[Black "Porper, Edward"]
[Result "1/2-1/2"]
[WhiteElo "2540"]
[BlackElo "2530"]
[PlyCount "44"]
[GameId "2160767909897479"]
[EventDate "2010.08.21"]
[EventType "team-match"]
[EventRounds "2"]
[EventCountry "CAN"]
[SourceTitle "EXT 2022"]
[Source "ChessBase"]
[SourceDate "2021.10.06"]
[SourceVersion "1"]
[SourceVersionDate "2021.10.06"]
[SourceQuality "1"]

1. d4 d5 2. c4 c6 3. Nf3 e6 4. e3 Nf6 5. Bd3 Nbd7 6. O-O Be7 7. b3 O-O 8. Nbd2 c5 9. Bb2 b6 10. Qe2 Bb7 11. Rfd1 Rc8 12. Rac1 Rc7 13. Ne5 dxc4 14. Ndxc4 cxd4 15. Bxd4 Nxe5 16. Bxe5 Rd7 17. Qc2 g6 18. Bf1 Rd5 19. Rxd5 Nxd5 20. Ba1 Bf6 21. Bxf6 Nxf6 22. Qb2 Ne4 1/2-1/2

[Event "CYCC U18"]
[Site "Windsor CAN"]
[Date "2010.07.06"]
[Round "1"]
[White "Posaratnanathan, Roy"]
[Black "Hansen, Eric"]
[Result "0-1"]
[WhiteElo "1731"]
[BlackElo "2550"]
[PlyCount "80"]
[GameId "2160767909973447"]
[EventDate "2010.07.06"]
[EventType "swiss"]
[EventRounds "7"]
[EventCountry "CAN"]
[SourceTitle "EXT 2012"]
[Source "ChessBase"]
[SourceDate "2011.11.24"]
[SourceVersion "1"]
[SourceVersionDate "2011.11.24"]
[SourceQuality "1"]

1. e4 c5 2. Nf3 e6 3. d4 cxd4 4. Nxd4 a6 5. c4 Nf6 6. Bd3 Qc7 7. Be3 d6 8. Nc3 Nbd7 9. O-O b6 10. Qc2 Bb7 11. f4 Nc5 12. f5 Ng4 13. Rae1 Nxd3 14. Qxd3 d5 15. g3 dxc4 16. Qe2 Nxe3 17. Qxe3 e5 18. Nd5 Qc5 19. Nc2 Bxd5 20. exd5 f6 21. Rd1 Kd7 22. Kf2 Qxe3+ 23. Nxe3 Bc5 24. Ke2 b5 25. Kf3 Bd4 26. Rf2 Rac8 27. Rc2 Kd6 28. Ke4 Rc5 29. a4 Bxe3 30. Kxe3 Rxd5 31. Rxd5+ Kxd5 32. axb5 axb5 33. Rd2+ Kc6 34. g4 b4 35. h4 Rc8 36. g5 c3 37. bxc3 bxc3 38. Rc2 Kd5 39. gxf6 gxf6 40. h5 e4 0-1

[Event "CYCC U18"]
[Site "Windsor CAN"]
[Date "2010.07.06"]
[Round "2"]
[White "Hansen, Eric"]
[Black "Chung, Kevin"]
[Result "1/2-1/2"]
[WhiteElo "2550"]
[BlackElo "2280"]
[PlyCount "117"]
[GameId "2160767909973450"]
[EventDate "2010.07.06"]
[EventType "swiss"]
[EventRounds "7"]
[EventCountry "CAN"]
[SourceTitle "EXT 2012"]
[Source "ChessBase"]
[SourceDate "2011.11.24"]
[SourceVersion "1"]
[SourceVersionDate "2011.11.24"]
[SourceQuality "1"]

1. d4 e6 2. c4 d5 3. Nf3 Nf6 4. g3 Be7 5. Bg2 O-O 6. O-O Nbd7 7. Bf4 c5 8. cxd5 Nxd5 9. Nc3 Nxf4 10. gxf4 cxd4 11. Qxd4 Bf6 12. Qe3 Qb6 13. Qxb6 Nxb6 14. Rac1 Bxc3 15. bxc3 Bd7 16. Ne5 Rab8 17. Rfd1 Ba4 18. Rd4 Rfc8 19. c4 f6 20. Nd3 Bc6 21. Bh3 Kf7 22. c5 Nd5 23. f3 Rd8 24. Kf2 Nc7 25. Rd6 Ke7 26. Rxd8 Rxd8 27. Bf1 Rd4 28. e4 Ra4 29. Rc2 Nb5 30. Ke3 f5 31. Ne5 Ra3+ 32. Bd3 Be8 33. Nc4 Ra4 34. Rb2 fxe4 35. fxe4 a6 36. Nb6 Ra3 37. Nc4 Ra4 38. Rg2 g6 39. Rb2 Bc6 40. Nb6 Ra3 41. Nc4 Ra4 42. Ne5 Be8 43. Bc4 Bc6 44. Nxc6+ bxc6 45. Bb3 Rb4 46. Rc2 Nc7 47. h4 Rb8 48. h5 Rg8 49. hxg6 hxg6 50. Rh2 Rg7 51. Rh6 Kf6 52. Rh8 g5 53. Rh6+ Rg6 54. fxg5+ Kxg5 55. Rh7 Nb5 56. Re7 Rh6 57. Kf3 Nd4+ 58. Kg3 Kf6 59. Ra7 1/2-1/2

[Event "CYCC U18"]
[Site "Windsor CAN"]
[Date "2010.07.07"]
[Round "3"]
[White "Hambleton, Aman"]
[Black "Hansen, Eric"]
[Result "0-1"]
[WhiteElo "2315"]
[BlackElo "2550"]
[PlyCount "134"]
[GameId "2160767909973455"]
[EventDate "2010.07.06"]
[EventType "swiss"]
[EventRounds "7"]
[EventCountry "CAN"]
[SourceTitle "EXT 2012"]
[Source "ChessBase"]
[SourceDate "2011.11.24"]
[SourceVersion "1"]
[SourceVersionDate "2011.11.24"]
[SourceQuality "1"]

1. d4 Nf6 2. c4 g6 3. Nc3 d5 4. cxd5 Nxd5 5. Bd2 Bg7 6. e4 Nb6 7. Be3 O-O 8. h3 Nc6 9. Nf3 f5 10. exf5 Bxf5 11. Qb3+ Kh8 12. d5 Ne5 13. Nxe5 Bxe5 14. g4 Bd7 15. Bg2 c6 16. dxc6 Bxc6 17. Bxc6 bxc6 18. O-O Nd5 19. Nxd5 cxd5 20. Rad1 e6 21. Bd4 Bxd4 22. Rxd4 Qd6 23. Qe3 Rab8 24. Rd2 Rb6 25. Re1 Kg8 26. Rc2 Qf4 27. Qxf4 Rxf4 28. Rc7 Rf7 29. Rc8+ Kg7 30. b3 g5 31. Kg2 Rd6 32. Kg3 Kf6 33. h4 gxh4+ 34. Kxh4 e5 35. Re8 e4 36. f3 exf3 37. Kg3 d4 38. Kxf3 Rc7 39. Rd1 Rc3+ 40. Kf4 Rc2 41. Re4 d3 42. Ke3 Re2+ 43. Kf3 Rxa2 44. Re3 d2 45. Ke2 Rc2 46. Rh3 Rd7 47. Rh5 Rb2 48. Ra5 Ke6 49. Rh5 Ra2 50. Ke3 Kf6 51. Ke2 Kg6 52. Ke3 Rc2 53. Ke2 Ra2 54. Ke3 a5 55. Rb5 Rd6 56. Ke2 Rd4 57. Ke3 Rb4 58. Rxb4 axb4 59. Kd3 Kg5 60. Rg1 Rb2 61. Ke3 Rc2 62. Rd1 Kxg4 63. Kd3 Ra2 64. Rg1+ Kf3 65. Rh1 Kg2 66. Rd1 h5 67. Kc4 h4 0-1

[Event "CYCC U18"]
[Site "Windsor CAN"]
[Date "2010.07.07"]
[Round "4"]
[White "Hansen, Eric"]
[Black "Gibson, Kevin"]
[Result "1-0"]
[WhiteElo "2550"]
[BlackElo "2244"]
[PlyCount "89"]
[GameId "2160767909973461"]
[EventDate "2010.07.06"]
[EventType "swiss"]
[EventRounds "7"]
[EventCountry "CAN"]
[SourceTitle "EXT 2012"]
[Source "ChessBase"]
[SourceDate "2011.11.24"]
[SourceVersion "1"]
[SourceVersionDate "2011.11.24"]
[SourceQuality "1"]

1. e4 e5 2. Nf3 Nc6 3. Bb5 Nd4 4. Nxd4 exd4 5. c3 Qg5 6. Bf1 Bc5 7. d3 Qe7 8. Nd2 Nf6 9. Be2 O-O 10. Nb3 dxc3 11. bxc3 Bb6 12. a4 c6 13. O-O Re8 14. a5 Bc7 15. f4 d6 16. Bf3 Nd7 17. d4 f5 18. e5 dxe5 19. Ba3 Qf7 20. fxe5 Nf8 21. a6 Ne6 22. Nc5 Nxc5 23. Bxc5 Bb6 24. Bd6 Be6 25. Qa4 Bb3 26. Qb4 Be6 27. Kh1 Rac8 28. axb7 Qxb7 29. c4 Qf7 30. c5 Bd8 31. Qa4 a5 32. Bxc6 Rxc6 33. Qxc6 Bd5 34. Qa4 Qg6 35. Qc2 Qg4 36. Ra3 Bh4 37. c6 f4 38. Rxa5 Be6 39. Qd1 Qg5 40. Qf3 Qh6 41. Qxf4 g5 42. Qf6 Qh5 43. Ra7 Qg6 44. Qf8+ Rxf8 45. Rxf8# 1-0

[Event "CYCC U18"]
[Site "Windsor CAN"]
[Date "2010.07.08"]
[Round "5"]
[White "Manley, Jason"]
[Black "Hansen, Eric"]
[Result "0-1"]
[WhiteElo "2038"]
[BlackElo "2550"]
[PlyCount "66"]
[GameId "2160767909973467"]
[EventDate "2010.07.06"]
[EventType "swiss"]
[EventRounds "7"]
[EventCountry "CAN"]
[SourceTitle "EXT 2012"]
[Source "ChessBase"]
[SourceDate "2011.11.24"]
[SourceVersion "1"]
[SourceVersionDate "2011.11.24"]
[SourceQuality "1"]

1. e4 c5 2. Nf3 e6 3. d4 cxd4 4. Nxd4 a6 5. Nc3 Qc7 6. Bd3 Nf6 7. O-O d6 8. Qf3 Nbd7 9. Qe2 Be7 10. f4 b5 11. a3 h5 12. h3 Bb7 13. Be3 h4 14. Qf2 Nc5 15. Qf3 g6 16. Nde2 d5 17. e5 d4 18. exf6 Bxf3 19. Nxd4 Bxf6 20. Bxb5+ axb5 21. Ndxb5 Qc6 22. gxf3 Na4 23. Nd4 Bxd4 24. Bxd4 Nxc3 25. Bxh8 Ne2+ 26. Kh2 Nxf4 27. Bc3 Qb5 28. Rf2 Qf5 29. Rd1 Rd8 30. Rfd2 Qxh3+ 31. Kg1 Qg3+ 32. Kf1 Qxf3+ 33. Kg1 Ne2+ 0-1

[Event "CYCC U18"]
[Site "Windsor CAN"]
[Date "2010.07.08"]
[Round "6"]
[White "Hansen, Eric"]
[Black "Gelis, Paul"]
[Result "1/2-1/2"]
[WhiteElo "2550"]
[BlackElo "2216"]
[PlyCount "48"]
[GameId "2160767909973470"]
[EventDate "2010.07.06"]
[EventType "swiss"]
[EventRounds "7"]
[EventCountry "CAN"]
[SourceTitle "EXT 2012"]
[Source "ChessBase"]
[SourceDate "2011.11.24"]
[SourceVersion "1"]
[SourceVersionDate "2011.11.24"]
[SourceQuality "1"]

1. e4 c5 2. Nf3 Nc6 3. d4 cxd4 4. Nxd4 Nf6 5. Nc3 e5 6. Ndb5 d6 7. Bg5 a6 8. Bxf6 gxf6 9. Na3 b5 10. Nd5 Bg7 11. c3 f5 12. exf5 Bxf5 13. Nc2 O-O 14. Nce3 Be6 15. g3 f5 16. Bh3 Kh8 17. O-O Ne7 18. a4 bxa4 19. Rxa4 a5 20. Bg2 e4 21. Nf4 Bg8 22. Nh5 Be5 23. f4 Qb6 24. Qd2 Nd5 1/2-1/2

[Event "CYCC U18"]
[Site "Windsor CAN"]
[Date "2010.07.09"]
[Round "7"]
[White "Fan, Brendan"]
[Black "Hansen, Eric"]
[Result "1/2-1/2"]
[WhiteElo "2015"]
[BlackElo "2550"]
[PlyCount "136"]
[GameId "2160767909973474"]
[EventDate "2010.07.06"]
[EventType "swiss"]
[EventRounds "7"]
[EventCountry "CAN"]
[SourceTitle "EXT 2012"]
[Source "ChessBase"]
[SourceDate "2011.11.24"]
[SourceVersion "1"]
[SourceVersionDate "2011.11.24"]
[SourceQuality "1"]

1. e4 d6 2. d4 Nf6 3. Nc3 e5 4. Nf3 Nbd7 5. Bc4 Be7 6. O-O O-O 7. h3 c6 8. Re1 b5 9. Bb3 a6 10. a4 Rb8 11. dxe5 dxe5 12. Qe2 Qc7 13. Bg5 Nc5 14. Bxf6 Bxf6 15. axb5 axb5 16. Ba2 Ne6 17. Nb1 Be7 18. c3 Nf4 19. Qf1 Rd8 20. Rd1 Rxd1 21. Qxd1 Bb7 22. Nbd2 Rd8 23. b4 Bc8 24. Kh1 Qd6 25. Qf1 Qf6 26. Bb3 g6 27. Ra7 Kg7 28. c4 Nd3 29. cxb5 cxb5 30. Rc7 Be6 31. Rc3 Bxb3 32. Nxb3 Qd6 33. Nc5 Nxc5 34. bxc5 Qb8 35. Rb3 Bxc5 36. Rxb5 Qd6 37. Kh2 Rc8 38. Rb2 Qf6 39. Qc1 Rc7 40. Rc2 Ba3 41. Qd2 Bb4 42. Qc1 Rd7 43. Qg5 Qxg5 44. Nxg5 f5 45. Re2 Kf6 46. Nf3 Rd3 47. exf5 Bd6 48. Ne1 Rd5 49. fxg6 hxg6 50. g3 Bc5 51. Kg2 Bd4 52. Nc2 Bc5 53. Ne3 Bxe3 54. Rxe3 Rd4 55. g4 Rc4 56. Kg3 g5 57. Rf3+ Kg6 58. Re3 Kf6 59. h4 gxh4+ 60. Kxh4 Rf4 61. Kg3 Rb4 62. f3 Rb6 63. Kh4 Re6 64. Re4 Rd6 65. Kg3 Rc6 66. f4 exf4+ 67. Kxf4 Kg6 68. Rb4 Ra6 1/2-1/2

[Event "Calgary June FIDE"]
[Site "Calgary CAN"]
[Date "2010.06.19"]
[Round "1"]
[White "Hansen, Eric"]
[Black "Haessel, Dale"]
[Result "1-0"]
[WhiteElo "2410"]
[BlackElo "2207"]
[PlyCount "38"]
[GameId "2160767909973546"]
[EventDate "2010.06.19"]
[EventType "tourn"]
[EventRounds "5"]
[EventCountry "CAN"]
[SourceTitle "EXT 2019"]
[Source "ChessBase"]
[SourceDate "2018.10.10"]
[SourceVersion "1"]
[SourceVersionDate "2018.10.10"]
[SourceQuality "1"]

1. d4 Nf6 2. Bg5 e6 3. e4 h6 4. Bxf6 Qxf6 5. Nc3 d6 6. Qd2 Nd7 7. Nge2 a6 8. f4 b5 9. g3 Bb7 10. Bg2 Qd8 11. Nd1 Nf6 12. e5 Nd5 13. Bxd5 Bxd5 14. Qd3 c5 15. c3 Qc7 16. Qf3 cxd4 17. cxd4 dxe5 18. fxe5 Qd7 19. Nf4 Be7 1-0

[Event "Calgary June FIDE"]
[Site "Calgary CAN"]
[Date "2010.06.19"]
[Round "2"]
[White "Yearwood, Roy"]
[Black "Hansen, Eric"]
[Result "0-1"]
[WhiteElo "2044"]
[BlackElo "2410"]
[PlyCount "44"]
[GameId "2160767909973550"]
[EventDate "2010.06.19"]
[EventType "tourn"]
[EventRounds "5"]
[EventCountry "CAN"]
[SourceTitle "EXT 2019"]
[Source "ChessBase"]
[SourceDate "2018.10.10"]
[SourceVersion "1"]
[SourceVersionDate "2018.10.10"]
[SourceQuality "1"]

1. e4 c5 2. Nc3 g6 3. f4 Bg7 4. Nf3 Nc6 5. Bb5 Nd4 6. Bc4 e6 7. e5 d5 8. Nxd4 cxd4 9. Bb5+ Bd7 10. Bxd7+ Qxd7 11. Ne2 f6 12. Nxd4 fxe5 13. fxe5 Bxe5 14. Nf3 Bc7 15. Qe2 Nf6 16. d3 Be5 17. Qxe5 Ng4 18. Qg5 e5 19. c3 Qe6 20. h3 Qb6 21. Qh6 Qxb2 22. Rb1 Qxc3+ 0-1

[Event "Calgary June FIDE"]
[Site "Calgary CAN"]
[Date "2010.06.19"]
[Round "3"]
[White "Hansen, Eric"]
[Black "Zhang, David"]
[Result "1-0"]
[WhiteElo "2410"]
[BlackElo "1970"]
[PlyCount "59"]
[GameId "2160767909973553"]
[EventDate "2010.06.19"]
[EventType "tourn"]
[EventRounds "5"]
[EventCountry "CAN"]
[SourceTitle "EXT 2019"]
[Source "ChessBase"]
[SourceDate "2018.10.10"]
[SourceVersion "1"]
[SourceVersionDate "2018.10.10"]
[SourceQuality "1"]

1. e4 c6 2. d4 d5 3. e5 Bf5 4. Nf3 e6 5. Be2 c5 6. O-O Nd7 7. c3 Ne7 8. Nh4 Bg6 9. Nd2 Rc8 10. Nxg6 hxg6 11. Nf3 Nc6 12. Be3 a6 13. g3 Be7 14. h4 Nb6 15. Bd3 cxd4 16. cxd4 Nc4 17. Bc1 b5 18. b3 Na3 19. Bb2 Qa5 20. Rc1 O-O 21. Ng5 Bxg5 22. hxg5 b4 23. Qg4 Ne7 24. Kg2 Rfd8 25. Rh1 Rxc1 26. Bxc1 Kf8 27. Qf4 Kg8 28. Qh4 Kf8 29. Qh8+ Ng8 30. Rh7 1-0

[Event "Calgary June FIDE"]
[Site "Calgary CAN"]
[Date "2010.06.26"]
[Round "4"]
[White "Wen, Jean-Francois"]
[Black "Hansen, Eric"]
[Result "0-1"]
[WhiteElo "2114"]
[BlackElo "2410"]
[PlyCount "24"]
[GameId "2160767909973556"]
[EventDate "2010.06.19"]
[EventType "tourn"]
[EventRounds "5"]
[EventCountry "CAN"]
[SourceTitle "EXT 2019"]
[Source "ChessBase"]
[SourceDate "2018.10.10"]
[SourceVersion "1"]
[SourceVersionDate "2018.10.10"]
[SourceQuality "1"]

1. c4 Nf6 2. g3 g6 3. Bg2 Bg7 4. Nc3 d6 5. e4 Nc6 6. Nge2 Be6 7. Nd5 Nh5 8. b4 Bc3 9. Rb1 Bh3 10. b5 Bxg2 11. Nexc3 Nf4 12. Nxf4 Qd7 0-1

[Event "Calgary June FIDE"]
[Site "Calgary CAN"]
[Date "2010.06.26"]
[Round "5"]
[White "Hansen, Eric"]
[Black "Kazmaier, Daniel"]
[Result "1-0"]
[WhiteElo "2410"]
[BlackElo "2157"]
[PlyCount "55"]
[GameId "2160767909973559"]
[EventDate "2010.06.19"]
[EventType "tourn"]
[EventRounds "5"]
[EventCountry "CAN"]
[SourceTitle "EXT 2019"]
[Source "ChessBase"]
[SourceDate "2018.10.10"]
[SourceVersion "1"]
[SourceVersionDate "2018.10.10"]
[SourceQuality "1"]

1. d4 f5 2. Nc3 d5 3. Bf4 Nf6 4. e3 e6 5. Nf3 Bd6 6. Ne2 O-O 7. g3 Ne4 8. Bg2 Bd7 9. Bxd6 cxd6 10. O-O Nc6 11. Nd2 Ne7 12. f3 Nf6 13. c3 e5 14. Qb3 Qa5 15. Rac1 Kh8 16. Rfd1 Qa6 17. Re1 Qd3 18. Nf1 Rfc8 19. Qa3 Ng6 20. Qxd6 Rc6 21. Qa3 Ra6 22. Qb3 Ba4 23. Qb4 e4 24. c4 Bc2 25. Qxb7 Re8 26. Qxa6 f4 27. Nxf4 exf3 28. Bxf3 1-0

[Event "Calgary int."]
[Site "Calgary CAN"]
[Date "2010.05.20"]
[Round "1"]
[White "MacKinnon, Keith"]
[Black "Hansen, Eric"]
[Result "0-1"]
[WhiteElo "2140"]
[BlackElo "2410"]
[PlyCount "184"]
[GameId "2160767909990299"]
[EventDate "2010.05.20"]
[EventType "swiss"]
[EventRounds "9"]
[EventCountry "CAN"]
[SourceTitle "CBM 136 Extra"]
[Source "ChessBase"]
[SourceDate "2010.07.02"]
[SourceVersion "2"]
[SourceVersionDate "2010.07.15"]
[SourceQuality "1"]

1. e4 c5 2. Nf3 e6 3. d4 cxd4 4. Nxd4 a6 5. Bd3 Bc5 6. Nb3 Be7 7. Qg4 Bf6 8. O-O Nc6 9. Qe2 Nge7 10. f4 d6 11. c4 Ng6 12. Nc3 O-O 13. Bd2 Rb8 14. Kh1 Nd4 15. Nxd4 Bxd4 16. Rac1 Bd7 17. Be3 Bxe3 18. Qxe3 Bc6 19. Rf3 f5 20. Rf2 Qf6 21. Rd1 Rbe8 22. Bb1 Rd8 23. Kg1 Qh4 24. exf5 exf5 25. b4 Rde8 26. Qd4 Rd8 27. Bc2 Kh8 28. b5 axb5 29. cxb5 Be8 30. a4 Rc8 31. Bb3 Qd8 32. Be6 Bd7 33. Qxd6 Bxe6 34. Qxe6 Qa5 35. Nd5 Qxa4 36. Qe2 Rc5 37. Nb6 Qxb5 38. Nd7 Qxe2 39. Rxe2 Rd8 40. Nxc5 Rxd1+ 41. Kf2 h6 42. Nxb7 Nxf4 43. Rc2 Rd7 44. Na5 Kh7 45. Nc4 Ne6 46. Ne3 Kg6 47. Ra2 Rb7 48. Ra5 Rb2+ 49. Kf1 f4 50. Nc4 Rc2 51. Ne5+ Kf6 52. Ng4+ Ke7 53. Re5 Kd6 54. Re2 Rc1+ 55. Re1 Rc5 56. Rd1+ Ke7 57. Re1 h5 58. Ne5 g5 59. Nd3 Rd5 60. Nb4 Rf5 61. Nd3 Kf6 62. Nf2 Rd5 63. Rd1 Ra5 64. Ne4+ Kf5 65. Re1 Ra6 66. Nd2 Ra2 67. Nc4 Nd4 68. Rd1 Ne6 69. Rd5+ Kf6 70. Rd2 Ra1+ 71. Kf2 Rh1 72. h3 Rc1 73. Nd6 Rc6 74. Ne4+ Ke5 75. Re2 Nd4 76. Re1 Rc2+ 77. Kf1 Nf5 78. Nf2+ Ne3+ 79. Kg1 Kd4 80. Ra1 Kc3 81. Re1 h4 82. Ne4+ Kb2 83. Nf2 Rd2 84. Ne4 Rxg2+ 85. Kh1 Rg3 86. Re2+ Kb3 87. Nxg3 hxg3 88. Kg1 Kc3 89. Ra2 f3 90. Ra3+ Kd2 91. Ra2+ Ke1 92. h4 f2+ 0-1

[Event "Calgary int."]
[Site "Calgary CAN"]
[Date "2010.05.21"]
[Round "2.3"]
[White "Hansen, Eric"]
[Black "Torre, Eugenio"]
[Result "1/2-1/2"]
[WhiteElo "2410"]
[BlackElo "2506"]
[PlyCount "68"]
[GameId "2160767909990313"]
[EventDate "2010.05.20"]
[EventType "swiss"]
[EventRounds "9"]
[EventCountry "CAN"]

1. e4 e5 2. Nf3 Nc6 3. Bb5 a6 4. Ba4 Nf6 5. O-O Be7 6. Re1 b5 7. Bb3 d6 8. c3 O-O 9. h3 Na5 10. Bc2 c5 11. d4 Qc7 12. Nbd2 cxd4 13. cxd4 Nc6 14. Nb3 a5 15. Be3 a4 16. Nbd2 Nb4 17. Bb1 Bd7 18. a3 Nc6 19. Bd3 Na5 20. Rc1 Qb8 21. Qe2 Re8 22. Rc2 Bd8 23. Rec1 b4 24. axb4 Qxb4 25. dxe5 dxe5 26. Nc4 Nxc4 27. Rxc4 Qb8 28. Bc5 Ba5 29. R4c2 h6 30. Qe3 Be6 31. Ba3 Bb6 32. Bc5 Ba5 33. Ba3 Bb6 34. Bc5 Ba5 1/2-1/2

[Event "Calgary int."]
[Site "Calgary CAN"]
[Date "2010.05.21"]
[Round "3.4"]
[White "Esserman, Mark"]
[Black "Hansen, Eric"]
[Result "0-1"]
[WhiteElo "2419"]
[BlackElo "2410"]
[PlyCount "28"]
[GameId "2160767909990321"]
[EventDate "2010.05.20"]
[EventType "swiss"]
[EventRounds "9"]
[EventCountry "CAN"]

1. e4 c5 2. Nf3 d6 3. d4 cxd4 4. Nxd4 Nf6 5. Nc3 a6 6. h3 g6 7. g4 Bg7 8. Bg2 h5 9. gxh5 Nxh5 10. Be3 Nc6 11. Nde2 Qa5 12. Qd3 Be6 13. f4 Rc8 14. O-O Bc4 0-1

[Event "Calgary int."]
[Site "Calgary CAN"]
[Date "2010.05.22"]
[Round "4"]
[White "Castellanos Rodriguez, Renier"]
[Black "Hansen, Eric"]
[Result "1-0"]
[WhiteElo "2465"]
[BlackElo "2410"]
[PlyCount "83"]
[GameId "2160767909990324"]
[EventDate "2010.05.20"]
[EventType "swiss"]
[EventRounds "9"]
[EventCountry "CAN"]
[SourceTitle "CBM 136 Extra"]
[Source "ChessBase"]
[SourceDate "2010.07.02"]
[SourceVersion "2"]
[SourceVersionDate "2010.07.15"]
[SourceQuality "1"]

1. e4 c5 2. Nf3 d6 3. d4 cxd4 4. Nxd4 Nf6 5. Nc3 a6 6. h3 e6 7. g4 Nc6 8. Be3 Qc7 9. Bg2 Be7 10. f4 Nd7 11. g5 Na5 12. Qe2 b5 13. O-O-O Nc4 14. Kb1 Nxe3 15. Qxe3 Rb8 16. Nd5 exd5 17. exd5 Nb6 18. Rhe1 Nc4 19. Qe4 Kf8 20. Nc6 Rb7 21. b3 Na5 22. Re3 Nxc6 23. dxc6 Ra7 24. Rde1 Qb6 25. Qd3 Qc5 26. Bd5 g6 27. Qe2 Bf5 28. Qd2 b4 29. R1e2 h6 30. h4 hxg5 31. hxg5 Bd8 32. Re8+ Kg7 33. Rxh8 Kxh8 34. Re8+ Kg7 35. Rxd8 Re7 36. Bc4 Qg1+ 37. Kb2 Re1 38. Qxb4 Rb1+ 39. Ka3 Qc1+ 40. Ka4 Qxc2 41. Qxd6 Qxa2+ 42. Qa3 1-0

[Event "Calgary int."]
[Site "Calgary CAN"]
[Date "2010.05.23"]
[Round "6.5"]
[White "Hansen, Eric"]
[Black "Panjwani, Raja"]
[Result "1/2-1/2"]
[WhiteElo "2410"]
[BlackElo "2401"]
[PlyCount "115"]
[GameId "2160767909990349"]
[EventDate "2010.05.20"]
[EventType "swiss"]
[EventRounds "9"]
[EventCountry "CAN"]

1. e4 e5 2. Nf3 Nc6 3. Bb5 Nf6 4. O-O Nxe4 5. d4 Nd6 6. Bxc6 dxc6 7. dxe5 Nf5 8. Qxd8+ Kxd8 9. Nc3 h6 10. h3 Bd7 11. b3 Ke8 12. Bb2 h5 13. Rad1 Be7 14. Ne2 h4 15. Rd3 c5 16. Nf4 Be6 17. Nxe6 fxe6 18. Rfd1 Rd8 19. Rxd8+ Bxd8 20. Kf1 Rh5 21. Ke2 Bg5 22. Kd3 Kd7 23. Ke4+ Kc6 24. c4 a6 25. Bc3 Be7 26. Bd2 Kd7 27. Bf4+ Kc6 28. Rh1 Rh8 29. g4 hxg3 30. fxg3 Rd8 31. g4 Nd4 32. Rd1 Nxf3 33. Rxd8 Bxd8 34. Kxf3 Kd7 35. Kg3 Ke8 36. h4 g6 37. h5 g5 38. Be3 Be7 39. Kf3 a5 40. Ke4 Kf7 41. Kd3 Kg7 42. Kc2 Kh6 43. Kb2 b6 44. Ka3 Bd8 45. Ka4 c6 46. Bd2 Bc7 47. Bc3 Bd8 48. a3 Bc7 49. b4 axb4 50. axb4 cxb4 51. Kxb4 Bd8 52. Kb3 Be7 53. Bd4 Bd8 54. Kc3 Kh7 55. Kd3 Kh6 56. Ke4 Kh7 57. Bb2 Be7 58. Bd4 1/2-1/2

[Event "Calgary int."]
[Site "Calgary CAN"]
[Date "2010.05.23"]
[Round "7.3"]
[White "Porper, Edward"]
[Black "Hansen, Eric"]
[Result "1/2-1/2"]
[WhiteElo "2431"]
[BlackElo "2410"]
[PlyCount "40"]
[GameId "2160767909990356"]
[EventDate "2010.05.20"]
[EventType "swiss"]
[EventRounds "9"]
[EventCountry "CAN"]

1. d4 Nf6 2. c4 g6 3. Nc3 d5 4. cxd5 Nxd5 5. e4 Nxc3 6. bxc3 Bg7 7. Bg5 c5 8. Rc1 Qa5 9. Qd2 h6 10. Be3 cxd4 11. cxd4 Qxd2+ 12. Kxd2 O-O 13. d5 e6 14. Bc5 Rd8 15. Be7 Re8 16. Bb5 Bd7 17. Bxd7 Nxd7 18. d6 Rac8 19. Nf3 e5 20. Ke3 Bf8 1/2-1/2

[Event "Calgary int."]
[Site "Calgary CAN"]
[Date "2010.05.24"]
[Round "8"]
[White "Neven, Knut"]
[Black "Hansen, Eric"]
[Result "0-1"]
[WhiteElo "2180"]
[BlackElo "2410"]
[PlyCount "82"]
[GameId "2160767909990361"]
[EventDate "2010.05.20"]
[EventType "swiss"]
[EventRounds "9"]
[EventCountry "CAN"]
[SourceTitle "CBM 136 Extra"]
[Source "ChessBase"]
[SourceDate "2010.07.02"]
[SourceVersion "2"]
[SourceVersionDate "2010.07.15"]
[SourceQuality "1"]

1. e4 c5 2. Nf3 d6 3. d4 cxd4 4. Nxd4 Nf6 5. Nc3 a6 6. Bg5 Nbd7 7. f4 Qc7 8. Qf3 h6 9. Bxf6 Nxf6 10. f5 Qc5 11. O-O-O g5 12. Nb3 Qe5 13. Bc4 Bg7 14. g4 h5 15. gxh5 Rxh5 16. h4 gxh4 17. Qg2 Qg3 18. Qe2 Rg5 19. Rd3 Qf4+ 20. Kb1 Bd7 21. Bd5 Rb8 22. Rf1 Qg4 23. Qe3 Nxd5 24. Nxd5 Bc6 25. f6 Bxf6 26. Nxf6+ exf6 27. Rxf6 Qg1+ 28. Nc1 Qxe3 29. Rxe3 Rh5 30. Rf2 Ke7 31. Ne2 Rg8 32. Kc1 Rg4 33. Nf4 Re5 34. Kd2 Rxe4 35. Rxe4+ Bxe4 36. Ke3 f5 37. Rh2 Kf6 38. a4 Rg3+ 39. Ke2 Kg5 40. Nh3+ Kh5 41. Nf2 Bxc2 0-1

[Event "Edmonton"]
[Site "Edmonton CAN"]
[Date "2010.05.01"]
[Round "3"]
[White "Yam, Alex"]
[Black "Hansen, Eric"]
[Result "1-0"]
[WhiteElo "2222"]
[BlackElo "2500"]
[PlyCount "53"]
[GameId "2160767909994693"]
[EventDate "2010.05.??"]
[EventType "swiss"]
[EventCountry "CAN"]
[SourceTitle "CFC 2010.12"]

1. e4 c5 2. Nf3 e6 3. d3 Nc6 4. g3 d5 5. Nbd2 Nf6 6. Bg2 Be7 7. O-O O-O 8. Re1 b5 9. e5 Nd7 10. h4 a5 11. Nf1 Qc7 12. Bf4 b4 13. Ne3 Nd4 14. Ng5 Nb6 15. c3 Nc6 16. Qh5 Bxg5 17. hxg5 Ba6 18. c4 Ne7 19. Ng4 Kh8 20. Kh2 Bb7 21. Rh1 g6 22. Qh3 h5 23. gxh6 dxc4 24. Qh4 Nf5 25. Qf6+ Kh7 26. Qg7+ Nxg7 27. Nf6+ 1-0

[Event "Edmonton int."]
[Site "Edmonton CAN"]
[Date "2009.12.17"]
[Round "1"]
[White "Hansen, Eric"]
[Black "Pechenkin, Vladimir"]
[Result "1-0"]
[WhiteElo "2409"]
[BlackElo "2372"]
[PlyCount "69"]
[GameId "2160767910029990"]
[EventDate "2009.12.17"]
[EventType "tourn"]
[EventRounds "9"]
[EventCountry "CAN"]
[EventCategory "7"]
[SourceTitle "The Week in Chess 789"]
[Source "Mark Crowther"]
[SourceDate "2009.12.21"]
[SourceVersion "1"]
[SourceVersionDate "2009.12.21"]
[SourceQuality "2"]

1. d4 Nf6 2. c4 d6 3. Nf3 Nbd7 4. Nc3 e5 5. e4 Be7 6. Be2 O-O 7. O-O c6 8. h3 a6 9. a4 a5 10. Re1 Re8 11. Be3 exd4 12. Nxd4 Nc5 13. Qc2 Bf8 14. Bf3 h6 15. Rad1 Qb6 16. g4 Bd7 17. Bg2 Rad8 18. f4 Bc8 19. Bf2 Nh7 20. Bf1 g6 21. Nf3 Qb4 22. f5 gxf5 23. gxf5 Bg7 24. Bd4 Bxd4+ 25. Nxd4 Kh8 26. Kh1 Nd7 27. Qd2 Ne5 28. b3 Rg8 29. Qb2 Rg3 30. Nce2 Re3 31. Qc1 Rxe4 32. Qxh6 Nd3 33. Bg2 Nf2+ 34. Kh2 Nxd1 35. f6 1-0